| 000 | 01863nam0a2200457 4500 | ||
|---|---|---|---|
| 001 | RU\NLR\bibl\1395463 | ||
| 005 | 20250615202317.0 | ||
| 010 |
_a978-5-9590-0502-3 _9100 |
||
| 021 |
_aRU _b2009-42006 _92553 |
||
| 035 | _a(nilc)RSL-KNO-004335237 | ||
| 035 | _a(NLR Aleph) 001387489 | ||
| 090 |
_a1140881 _c1140881 |
||
| 100 | _a20090515d2008 |||y0rusy50 ca | ||
| 101 | 0 | _arus | |
| 102 | _aRU | ||
| 105 | _aa zzzz||||| | ||
| 200 | 1 |
_aМаньчжурский орех: характеристика и перспективы использования _eмонография _fН. В. Берлова, С. Н. Ляпустин, С. Н. Авеличева |
|
| 210 |
_aВладивосток _cВФ РТА _d2008 |
||
| 215 |
_a88 с., [1] л. цв. ил. _cил., табл. _d20 |
||
| 313 | _aкак фарм. и красильное сырье | ||
| 320 | _aБиблиогр.: с. 81-88 | ||
| 320 | _aУказ.: с. 69-80 | ||
| 606 | 1 |
_aМаньчжурский орех _92562825 _3RU\NLR\auth\661515934 |
|
| 606 | 1 |
_aМаньчжурский орех _xЛечебное применение _92563357 _3RU\NLR\auth\661516226 |
|
| 686 |
_aЕ592.72J-87,0 _2rubbk |
||
| 686 |
_aР282.111Маньчжурский орех,0 _2rubbk |
||
| 686 | _aЛ663-3 | ||
| 686 | _aЛ625.22-3 | ||
| 686 | _aП257.9 маньчжурский | ||
| 686 | _aР282.111 Маньчжурский орех | ||
| 700 | 1 |
_aБерлова _bН. В. _gНаталья Викторовна _4070 |
|
| 701 | 1 |
_aЛяпустин _bС. Н. _gСергей Николаевич _4070 |
|
| 701 | 1 |
_aАвеличева _bС. Н. _gСветлана Николаевна _4070 |
|
| 801 | 0 |
_aRU _bРКП _c20090515 _grcr |
|
| 801 | 1 |
_aRU _bРГБ _c20090515 |
|
| 801 | 2 |
_aRU _bNLR _c20090724 _grcr |
|
| 830 | _aАвт. по кн. | ||
| 942 | _cBOOK | ||
| 980 | _aNB | ||
| 980 | _aNBR | ||